[Event "NDVM 2019 U16"]
[Site "Kiel"]
[Date "2019.09.09"]
[Round "6.1"]
[White "Woelk, Tom-Frederic"]
[Black "Post, Hugo"]
[Result "1-0"]
[BlackElo "2176"]
[WhiteElo "2227"]
[LiveChessVersion "1.4.8"]

1. Nf3 {[%clk 1:29:52]} Nf6 {[%clk 1:30:47]} 2. g3 {[%clk 1:29:17]} e6
{[%clk 1:30:46]} 3. Bg2 {[%clk 1:29:31]} d5 {[%clk 1:30:52]} 4. O-O
{[%clk 1:29:49]} c5 {[%clk 1:28:53]} 5. d4 {[%clk 1:25:54]} Nc6 {[%clk 1:25:37]}
6. c4 {[%clk 1:22:48]} dxc4 {[%clk 1:18:24]} 7. dxc5 {[%clk 1:19:31]} Qxd1
{[%clk 1:15:41]} 8. Rxd1 {[%clk 1:20:00]} Bxc5 9. Nbd2 {[%clk 1:20:25]} O-O
{[%clk 0:45:33]} 10. Nxc4 {[%clk 1:20:45]} Bd7 {[%clk 0:44:52]} 11. Bg5
{[%clk 1:08:44]} Rfd8 {[%clk 0:40:29]} 12. Nfe5 {[%clk 1:05:13]} Be8
{[%clk 0:35:03]} 13. Nxc6 {[%clk 1:03:37]} Bxc6 {[%clk 0:34:07]} 14. Bxc6
{[%clk 1:04:01]} bxc6 {[%clk 0:34:36]} 15. Bxf6 {[%clk 1:04:11]} gxf6
{[%clk 0:35:01]} 16. Rac1 {[%clk 1:03:47]} Rd5 {[%clk 0:28:28]} 17. e4
{[%clk 1:01:06]} Rxd1+ {[%clk 0:16:52]} 18. Rxd1 {[%clk 1:01:06]} Rc8
{[%clk 0:13:21]} 19. a3 {[%clk 0:44:35]} Rc7 {[%clk 0:11:28]} 20. Kf1
{[%clk 0:43:48]} Be7 {[%clk 0:09:17]} 21. b4 {[%clk 0:44:04]} Kf8
{[%clk 0:09:08]} 22. Na5 {[%clk 0:36:18]} c5 {[%clk 0:08:33]} 23. Rc1
{[%clk 0:36:08]} Bd6 {[%clk 0:08:43]} 24. b5 {[%clk 0:36:13]} Ke8
{[%clk 0:07:35]} 25. f4 {[%clk 0:35:03]} e5 {[%clk 0:03:48]} 26. Nc4
{[%clk 0:30:11]} Rd7 {[%clk 0:03:22]} 27. Rd1 {[%clk 0:28:24]} Bc7
{[%clk 0:03:28]} 28. Rxd7 {[%clk 0:28:45]} Kxd7 {[%clk 0:03:57]} 29. f5
{[%clk 0:29:09]} Bd8 {[%clk 0:03:47]} 30. Ke2 {[%clk 0:29:27]} Be7
{[%clk 0:03:44]} 31. Kd3 {[%clk 0:28:06]} Bf8 {[%clk 0:02:15]} 32. Ne3
{[%clk 0:23:15]} Be7 {[%clk 0:02:02]} 33. Kc4 {[%clk 0:23:31]} Kd6
{[%clk 0:01:54]} 34. Nd5 {[%clk 0:23:41]} Bd8 {[%clk 0:01:40]} 35. g4
{[%clk 0:24:01]} h6 {[%clk 0:01:51]} 36. h3 {[%clk 0:24:20]} Ba5 {[%clk 0:01:49]}
37. Nxf6 {[%clk 0:24:44]} Bd2 {[%clk 0:02:10]} 38. a4 {[%clk 0:21:59]} Be1
{[%clk 0:01:38]} 39. Ng8 {[%clk 0:21:44]} Bd2 {[%clk 0:02:00]} 40. h4
{[%clk 0:20:58]} Be3 {[%clk 0:02:05]} 41. a5 {[%clk 0:21:15]} Bd2
{[%clk 0:02:24]} 42. a6 {[%clk 0:21:41]} 1-0

[Event "NDVM 2019 U16"]
[Site "Kiel"]
[Date "2019.09.09"]
[Round "6.2"]
[White "Dietz, Florian"]
[Black "Kotyk, Michael"]
[Result "1-0"]
[BlackElo "2077"]
[WhiteElo "2080"]
[LiveChessVersion "1.4.8"]

1. e4 {[%clk 1:30:30]} e5 {[%clk 1:30:30]} 2. Nf3 {[%clk 1:30:30]} Nc6
{[%clk 1:30:30]} 3. Bb5 {[%clk 1:31:39]} a6 {[%clk 1:31:54]} 4. Ba4
{[%clk 1:32:05]} d6 {[%clk 1:32:21]} 5. O-O {[%clk 1:29:54]} Bd7 {[%clk 1:32:44]}
6. c3 {[%clk 1:29:22]} Nge7 {[%clk 1:33:09]} 7. d4 {[%clk 1:28:26]} Ng6
{[%clk 1:33:38]} 8. Re1 {[%clk 1:26:25]} Be7 {[%clk 1:34:03]} 9. Nbd2
{[%clk 1:25:17]} h6 {[%clk 1:34:24]} 10. Nf1 {[%clk 1:23:58]} Bg5
{[%clk 1:34:54]} 11. Ne3 {[%clk 1:15:30]} Bxe3 {[%clk 1:31:07]} 12. Bxe3
{[%clk 1:15:36]} Qf6 {[%clk 1:31:29]} 13. d5 {[%clk 1:10:21]} Nb8
{[%clk 1:31:47]} 14. c4 {[%clk 1:10:32]} b5 {[%clk 1:29:44]} 15. Qb3
{[%clk 1:03:13]} Nf4 {[%clk 1:15:46]} 16. Bxf4 {[%clk 1:02:00]} Qxf4
{[%clk 1:16:14]} 17. cxb5 {[%clk 1:02:19]} O-O {[%clk 1:13:51]} 18. bxa6
{[%clk 0:59:43]} Bxa4 {[%clk 1:14:00]} 19. Qxa4 {[%clk 1:00:08]} Nxa6
{[%clk 1:14:26]} 20. Qc2 {[%clk 0:57:06]} f5 {[%clk 1:11:44]} 21. a3
{[%clk 0:49:08]} Nc5 {[%clk 1:11:19]} 22. exf5 {[%clk 0:48:40]} e4
{[%clk 1:11:34]} 23. Nd4 {[%clk 0:47:55]} Nd3 {[%clk 1:09:57]} 24. Re2
{[%clk 0:44:07]} Qe5 {[%clk 1:08:40]} 25. Nc6 {[%clk 0:40:54]} Qf4
{[%clk 1:07:19]} 26. Ne7+ {[%clk 0:34:06]} Kh7 {[%clk 1:06:41]} 27. Ng6
{[%clk 0:34:25]} Qxf5 {[%clk 1:07:09]} 28. Nxf8+ {[%clk 0:34:49]} Rxf8
{[%clk 1:07:31]} 29. a4 {[%clk 0:32:43]} Qxd5 {[%clk 1:05:22]} 30. Qxc7
{[%clk 0:31:32]} Qg5 {[%clk 0:52:05]} 31. Qc2 {[%clk 0:09:23]} d5
{[%clk 0:52:05]} 32. Rd2 {[%clk 0:07:59]} Nf4 {[%clk 0:46:46]} 33. f3
{[%clk 0:08:23]} Kh8 {[%clk 0:47:05]} 34. fxe4 {[%clk 0:06:50]} dxe4
{[%clk 0:46:50]} 35. Ra3 {[%clk 0:06:29]} e3 {[%clk 0:42:39]} 36. Rxe3
{[%clk 0:06:49]} Nxg2 {[%clk 0:43:05]} 37. Rg3 {[%clk 0:07:10]} Ne3
{[%clk 0:43:34]} 38. Rf2 {[%clk 0:06:43]} Rxf2 {[%clk 0:42:13]} 39. Qxf2
{[%clk 0:06:53]} Ng4 {[%clk 0:42:17]} 40. Qc2 {[%clk 0:03:13]} h5
{[%clk 0:42:26]} 41. Kf1 {[%clk 0:19:56]} Qf4+ {[%clk 1:05:15]} 42. Ke1
{[%clk 0:16:15]} Qe5+ {[%clk 0:57:43]} 43. Qe2 {[%clk 0:15:54]} Qa5+
{[%clk 0:58:13]} 44. Rc3 {[%clk 0:15:41]} Nf6 {[%clk 0:56:40]} 45. Qb5
{[%clk 0:15:06]} Qa8 {[%clk 0:56:52]} 46. Qc6 {[%clk 0:13:34]} Qa5
{[%clk 0:56:51]} 47. Kd1 {[%clk 0:13:18]} Qg5 {[%clk 0:52:41]} 48. Kc2
{[%clk 0:10:03]} Qg1 {[%clk 0:47:30]} 49. h3 {[%clk 0:09:30]} Qf2+
{[%clk 0:46:52]} 50. Kb3 {[%clk 0:09:05]} Qa7 {[%clk 0:46:40]} 51. Qc7
{[%clk 0:08:13]} Qg1 {[%clk 0:46:44]} 52. Qd8+ {[%clk 0:06:29]} Kh7
{[%clk 0:47:12]} 53. a5 {[%clk 0:06:28]} Qa1 {[%clk 0:45:23]} 54. Qd3+
{[%clk 0:06:23]} Kh6 {[%clk 0:45:52]} 55. a6 {[%clk 0:06:36]} Qa5
{[%clk 0:45:46]} 56. Kc2 {[%clk 0:05:58]} Qa4+ {[%clk 0:46:09]} 57. Kb1
{[%clk 0:06:18]} Ne4 {[%clk 0:42:49]} 58. Ra3 {[%clk 0:05:39]} Qb4
{[%clk 0:42:21]} 59. a7 {[%clk 0:04:06]} Nd2+ {[%clk 0:42:41]} 60. Qxd2+
{[%clk 0:04:02]} Qxd2 {[%clk 0:43:04]} 61. a8=Q {[%clk 0:04:26]} Qe1+
{[%clk 0:43:18]} 62. Ka2 {[%clk 0:04:50]} Qe6+ {[%clk 0:43:42]} 63. Rb3
{[%clk 0:05:10]} Kh7 {[%clk 0:43:53]} 64. Qa5 {[%clk 0:05:15]} Qf7
{[%clk 0:43:39]} 65. Qg5 {[%clk 0:05:17]} g6 {[%clk 0:43:44]} 66. Qb5
{[%clk 0:05:23]} Qa7+ {[%clk 0:43:57]} 67. Ra3 {[%clk 0:05:39]} Qf7+
{[%clk 0:44:11]} 68. Qb3 {[%clk 0:05:53]} Qe8 {[%clk 0:44:14]} 69. Ra7+
{[%clk 0:06:11]} Kh6 {[%clk 0:44:35]} 70. Qf7 {[%clk 0:06:18]} Qc8
{[%clk 0:42:58]} 71. h4 {[%clk 0:06:26]} Qe6+ {[%clk 0:43:27]} 72. b3
{[%clk 0:06:31]} Qe2+ {[%clk 0:40:06]} 73. Ka3 {[%clk 0:06:54]} Qa6+
{[%clk 0:40:33]} 74. Kb4 {[%clk 0:07:02]} Qb6+ {[%clk 0:41:02]} 75. Kc4
{[%clk 0:07:01]} Qc6+ {[%clk 0:41:09]} 76. Kd4 {[%clk 0:07:20]} Qb6+
{[%clk 0:40:42]} 77. Ke4 {[%clk 0:07:29]} Qe6+ {[%clk 0:38:53]} 78. Kf3
{[%clk 0:07:36]} Qg4+ {[%clk 0:32:44]} 79. Kf2 {[%clk 0:07:40]} Qd4+
{[%clk 0:31:16]} 80. Kf3 {[%clk 0:07:05]} Qg4+ {[%clk 0:29:29]} 81. Ke3
{[%clk 0:07:31]} Qe6+ {[%clk 0:29:33]} 82. Kf2 {[%clk 0:07:50]} Qf6+
{[%clk 0:25:48]} 83. Kg3 {[%clk 0:08:07]} Qxh4+ {[%clk 0:26:03]} 84. Kxh4 1-0

[Event "NDVM 2019 U16"]
[Site "Kiel"]
[Date "2019.09.09"]
[Round "6.3"]
[White "Grabbel, Lennart Christian"]
[Black "Henning, Marvin"]
[Result "1-0"]
[BlackElo "2034"]
[WhiteElo "1927"]
[LiveChessVersion "1.4.8"]

1. Nf3 {[%clk 1:30:58]} c5 {[%clk 1:30:55]} 2. c4 {[%clk 1:31:20]} Nc6
{[%clk 1:31:20]} 3. Nc3 {[%clk 1:31:41]} e5 {[%clk 1:31:44]} 4. d3
{[%clk 1:31:43]} d6 {[%clk 1:32:02]} 5. g3 {[%clk 1:31:56]} Be7 {[%clk 1:32:26]}
6. Bg2 {[%clk 1:30:33]} h5 {[%clk 1:32:52]} 7. O-O {[%clk 1:23:24]} h4
{[%clk 1:33:09]} 8. e3 {[%clk 1:23:35]} hxg3 {[%clk 1:32:14]} 9. fxg3
{[%clk 1:23:58]} Bg4 {[%clk 1:32:21]} 10. Qd2 {[%clk 1:23:36]} Qd7
{[%clk 1:32:14]} 11. a3 {[%clk 1:22:28]} Nf6 {[%clk 1:32:02]} 12. Rb1
{[%clk 1:22:23]} a5 {[%clk 1:31:52]} 13. Ng5 {[%clk 1:21:05]} Rh5
{[%clk 1:28:42]} 14. Nge4 {[%clk 1:21:09]} Nxe4 {[%clk 1:01:17]} 15. Bxe4
{[%clk 1:21:28]} Bf5 {[%clk 0:50:31]} 16. Qf2 {[%clk 1:18:58]} g6
{[%clk 0:46:51]} 17. Nd5 {[%clk 1:16:41]} Bd8 {[%clk 0:46:04]} 18. Bd2
{[%clk 1:12:27]} Kf8 {[%clk 0:40:12]} 19. Bc3 {[%clk 1:08:04]} Kg7
{[%clk 0:36:28]} 20. Qf3 {[%clk 1:01:49]} Bg4 {[%clk 0:32:32]} 21. Qf2
{[%clk 1:00:57]} Bf5 {[%clk 0:32:19]} 22. Rbd1 {[%clk 1:00:36]} Rb8
{[%clk 0:29:57]} 23. Bf3 {[%clk 0:50:59]} Rh7 {[%clk 0:30:08]} 24. d4
{[%clk 0:51:22]} cxd4 {[%clk 0:28:44]} 25. exd4 {[%clk 0:51:46]} f6
{[%clk 0:23:14]} 26. dxe5 {[%clk 0:47:43]} Nxe5 {[%clk 0:22:38]} 27. Bxe5
{[%clk 0:47:39]} fxe5 {[%clk 0:22:53]} 28. Bg4 {[%clk 0:47:54]} Rc8
{[%clk 0:19:37]} 29. Ne3 {[%clk 0:48:00]} Bb6 {[%clk 0:17:35]} 30. Bxf5
{[%clk 0:48:24]} gxf5 {[%clk 0:17:07]} 31. Nxf5+ {[%clk 0:48:43]} Qxf5
{[%clk 0:17:28]} 32. Qxb6 {[%clk 0:49:08]} Qh3 {[%clk 0:16:53]} 33. Qf2
{[%clk 0:47:40]} Rh6 {[%clk 0:15:15]} 34. Rd3 {[%clk 0:43:31]} Rc7
{[%clk 0:07:51]} 35. Rf3 {[%clk 0:38:17]} Qe6 {[%clk 0:07:52]} 36. b3
{[%clk 0:32:00]} Rd7 {[%clk 0:05:11]} 37. Qa7 {[%clk 0:31:23]} Qh3
{[%clk 0:02:41]} 38. R3f2 {[%clk 0:31:09]} Rg6 {[%clk 0:00:40]} 39. Qxa5
{[%clk 0:29:51]} Kh7 {[%clk 0:00:40]} 40. Qc3 {[%clk 0:27:25]} Rdg7
{[%clk 0:00:36]} 41. Qd3 {[%clk 0:27:14]} Qg4 {[%clk 0:28:24]} 42. Rf6
{[%clk 0:53:44]} e4 {[%clk 0:27:37]} 43. Qxd6 {[%clk 0:54:04]} Qe2
{[%clk 0:27:12]} 44. Rxg6 {[%clk 0:51:37]} Rxg6 {[%clk 0:27:36]} 45. Qd1
{[%clk 0:47:32]} Qb2 {[%clk 0:27:12]} 46. Qh5+ {[%clk 0:41:22]} Kg7
{[%clk 0:27:22]} 47. Qb5 {[%clk 0:41:34]} b6 {[%clk 0:27:03]} 48. Qe8
{[%clk 0:40:40]} Qd4+ {[%clk 0:26:45]} 49. Kh1 {[%clk 0:40:59]} Kh7
{[%clk 0:24:46]} 50. Re1 {[%clk 0:35:45]} Qf2 {[%clk 0:22:56]} 51. Qxe4
{[%clk 0:35:59]} Kh8 {[%clk 0:21:19]} 52. Qh4+ {[%clk 0:31:44]} Kg7
{[%clk 0:21:07]} 53. Qe7+ {[%clk 0:32:09]} Kh8 {[%clk 0:20:48]} 54. Qe8+
{[%clk 0:30:56]} Rg8 55. Qh5+ {[%clk 0:31:05]} Kg7 {[%clk 0:21:16]} 56. Qe2
{[%clk 0:31:07]} 1-0

[Event "NDVM 2019 U16"]
[Site "Kiel"]
[Date "2019.09.09"]
[Round "6.4"]
[White "Seidel, Arne Christian"]
[Black "Klaas, Heiko"]
[Result "1-0"]
[BlackElo "1890"]
[WhiteElo "1765"]
[LiveChessVersion "1.4.8"]

1. d4 {[%clk 1:30:51]} d5 {[%clk 1:29:47]} 2. c4 {[%clk 1:30:54]} e6
{[%clk 1:29:54]} 3. Nf3 {[%clk 1:30:22]} a6 {[%clk 1:29:46]} 4. b3
{[%clk 1:21:06]} Nf6 {[%clk 1:24:33]} 5. g3 {[%clk 1:20:47]} Be7 {[%clk 1:20:15]}
6. Bg2 {[%clk 1:21:10]} b6 {[%clk 1:19:55]} 7. O-O {[%clk 1:20:52]} Bb7
{[%clk 1:19:26]} 8. Nc3 {[%clk 1:18:16]} O-O {[%clk 1:17:04]} 9. Bb2
{[%clk 1:17:47]} Nbd7 {[%clk 1:14:17]} 10. Rc1 {[%clk 1:17:34]} c5
{[%clk 1:13:09]} 11. cxd5 {[%clk 1:16:03]} Nxd5 {[%clk 1:10:22]} 12. Re1
{[%clk 1:05:14]} Rc8 {[%clk 0:48:52]} 13. e4 {[%clk 1:03:43]} cxd4
{[%clk 0:45:05]} 14. Nxd5 {[%clk 1:03:19]} exd5 {[%clk 0:43:27]} 15. Rxc8
{[%clk 1:03:42]} Qxc8 {[%clk 0:39:57]} 16. exd5 {[%clk 1:03:41]} Bf6
{[%clk 0:37:15]} 17. Nxd4 {[%clk 1:03:12]} Re8 {[%clk 0:29:29]} 18. Rxe8+
{[%clk 0:56:18]} Qxe8 {[%clk 0:29:45]} 19. Ba1 {[%clk 0:56:39]} Qe5
{[%clk 0:26:16]} 20. Nc2 {[%clk 0:55:59]} Qd6 {[%clk 0:19:24]} 21. Bxf6
{[%clk 0:56:13]} Nxf6 {[%clk 0:19:47]} 22. Ne3 {[%clk 0:56:37]} Kf8
{[%clk 0:18:02]} 23. h3 {[%clk 0:51:44]} g6 {[%clk 0:13:29]} 24. a4
{[%clk 0:49:29]} b5 {[%clk 0:11:38]} 25. axb5 {[%clk 0:48:32]} axb5
{[%clk 0:11:52]} 26. Qd3 {[%clk 0:48:48]} Qc5 {[%clk 0:09:36]} 27. Kh2
{[%clk 0:45:21]} Bc8 {[%clk 0:06:49]} 28. Qd2 {[%clk 0:44:48]} h5
{[%clk 0:05:39]} 29. Qa5 {[%clk 0:42:32]} Bd7 {[%clk 0:04:03]} 30. Qa1
{[%clk 0:33:42]} Qd6 {[%clk 0:03:44]} 31. Qd4 {[%clk 0:33:40]} Ke7
{[%clk 0:02:40]} 32. b4 {[%clk 0:33:23]} Be8 {[%clk 0:01:25]} 33. Nd1
{[%clk 0:33:20]} Nd7 {[%clk 0:00:58]} 34. Nc3 {[%clk 0:32:55]} Nb6
{[%clk 0:00:47]} 35. Ne4 {[%clk 0:28:50]} Qd8 {[%clk 0:00:34]} 36. Qf6+
{[%clk 0:28:51]} Kd7 {[%clk 0:01:03]} 37. Qc6+ {[%clk 0:29:12]} Ke7
{[%clk 0:01:27]} 38. Qc5+ {[%clk 0:29:34]} Kd7 {[%clk 0:01:50]} 39. Bf1
{[%clk 0:28:49]} Qc7 {[%clk 0:01:43]} 40. Bxb5+ {[%clk 0:29:00]} Kd8
{[%clk 0:02:05]} 41. Qxc7+ {[%clk 0:29:07]} Kxc7 {[%clk 0:02:29]} 42. Bxe8
{[%clk 0:29:31]} f5 {[%clk 0:01:36]} 43. Nc3 {[%clk 0:29:37]} g5 {[%clk 0:00:51]}
44. Bxh5 {[%clk 0:29:54]} Nd7 {[%clk 0:30:11]} 45. f4 {[%clk 0:59:39]} 1-0

[Event "NDVM 2019 U16"]
[Site "Kiel"]
[Date "2019.09.09"]
[Round "6.5"]
[White "Bosselmann, Tom Linus"]
[Black "Kluehs, Gustaf"]
[Result "1-0"]
[BlackElo "1887"]
[WhiteElo "2011"]
[LiveChessVersion "1.4.8"]

1. e4 {[%clk 1:30:58]} e6 {[%clk 1:30:42]} 2. d4 {[%clk 1:27:34]} d5
{[%clk 1:31:06]} 3. Nc3 {[%clk 1:27:42]} Bb4 {[%clk 1:31:01]} 4. e5
{[%clk 1:27:51]} c5 {[%clk 1:31:20]} 5. a3 {[%clk 1:28:10]} Ba5 {[%clk 1:31:39]}
6. dxc5 {[%clk 1:24:52]} Bxc3+ {[%clk 1:31:58]} 7. bxc3 {[%clk 1:25:17]} Qc7
{[%clk 1:25:08]} 8. Nf3 {[%clk 1:25:12]} Nd7 {[%clk 1:21:18]} 9. Qd4
{[%clk 1:23:14]} Ne7 {[%clk 1:15:31]} 10. Bd3 {[%clk 1:18:48]} Nc6
{[%clk 1:08:52]} 11. Qg4 {[%clk 1:18:42]} Ncxe5 {[%clk 1:04:07]} 12. Qxg7
{[%clk 1:16:46]} Nxf3+ {[%clk 1:04:22]} 13. gxf3 {[%clk 1:17:08]} Qe5+
{[%clk 1:04:31]} 14. Qxe5 {[%clk 1:17:34]} Nxe5 {[%clk 1:04:56]} 15. Be2
{[%clk 1:16:25]} Rg8 {[%clk 1:02:43]} 16. Rb1 {[%clk 1:16:50]} Ke7
{[%clk 0:56:21]} 17. Bf4 {[%clk 1:15:00]} f6 {[%clk 0:56:40]} 18. Kd2
{[%clk 1:13:05]} Nf7 {[%clk 0:45:09]} 19. Be3 {[%clk 1:11:36]} e5
{[%clk 0:39:53]} 20. f4 {[%clk 1:09:23]} a5 {[%clk 0:24:10]} 21. fxe5
{[%clk 1:08:26]} fxe5 {[%clk 0:24:22]} 22. Bf3 {[%clk 1:08:10]} e4
{[%clk 0:22:25]} 23. Be2 {[%clk 1:08:17]} Ne5 {[%clk 0:19:59]} 24. Bf4
{[%clk 1:07:04]} Nc4+ {[%clk 0:09:28]} 25. Bxc4 {[%clk 1:07:03]} dxc4
{[%clk 0:09:54]} 26. Rhe1 {[%clk 1:06:41]} Kf6 {[%clk 0:05:39]} 27. Rxe4
{[%clk 1:06:33]} Kf5 {[%clk 0:03:47]} 28. Rd4 {[%clk 1:06:48]} Rg4
{[%clk 0:03:55]} 29. Bg3 {[%clk 1:06:47]} Ra6 {[%clk 0:03:41]} 30. Re1
{[%clk 1:06:11]} Re6 {[%clk 0:03:01]} 31. Rd8 {[%clk 1:01:00]} Rxe1
{[%clk 0:03:16]} 32. Kxe1 {[%clk 1:01:29]} Be6 {[%clk 0:03:23]} 33. Rf8+
{[%clk 1:00:41]} Ke4 {[%clk 0:02:31]} 34. f3+ {[%clk 1:01:10]} 1-0

[Event "NDVM 2019 U16"]
[Site "Kiel"]
[Date "2019.09.09"]
[Round "6.6"]
[White "Kraft, Adrian"]
[Black "Rietschel, Tilo"]
[Result "0-1"]
[BlackElo "1961"]
[WhiteElo "1750"]
[LiveChessVersion "1.4.8"]

1. c4 {[%clk 1:30:58]} e5 {[%clk 1:30:33]} 2. Nc3 {[%clk 1:31:22]} Nf6
{[%clk 1:30:59]} 3. g3 {[%clk 1:31:32]} d5 {[%clk 1:31:00]} 4. cxd5
{[%clk 1:31:25]} Nxd5 {[%clk 1:31:22]} 5. Bg2 {[%clk 1:31:50]} Nb6
{[%clk 1:31:17]} 6. Nf3 {[%clk 1:31:44]} Nc6 {[%clk 1:31:41]} 7. a3
{[%clk 1:31:28]} Be6 {[%clk 1:30:06]} 8. b4 {[%clk 1:30:18]} Be7 {[%clk 1:28:54]}
9. O-O {[%clk 1:28:54]} a6 {[%clk 1:16:34]} 10. d3 {[%clk 1:19:10]} O-O
{[%clk 1:16:15]} 11. Bb2 {[%clk 1:17:56]} f6 {[%clk 1:10:53]} 12. Rc1
{[%clk 1:17:11]} Qd7 {[%clk 1:01:12]} 13. Qc2 {[%clk 1:15:24]} Nd5
{[%clk 0:57:25]} 14. Rfd1 {[%clk 1:12:17]} Nxc3 {[%clk 0:54:10]} 15. Bxc3
{[%clk 1:11:22]} Bd5 {[%clk 0:49:09]} 16. e4 {[%clk 0:59:06]} Bf7
{[%clk 0:48:40]} 17. d4 {[%clk 0:58:29]} exd4 {[%clk 0:46:44]} 18. Nxd4
{[%clk 0:57:43]} Na7 {[%clk 0:43:19]} 19. e5 {[%clk 0:52:51]} fxe5
{[%clk 0:34:05]} 20. Nc6 {[%clk 0:51:28]} Qe8 {[%clk 0:32:13]} 21. Nxe5
{[%clk 0:49:34]} c6 {[%clk 0:30:35]} 22. Be4 {[%clk 0:46:27]} g6 {[%clk 0:27:28]}
23. Nd7 {[%clk 0:45:05]} Nb5 {[%clk 0:19:42]} 24. Bb2 {[%clk 0:36:08]} Be6
{[%clk 0:16:31]} 25. Nxf8 {[%clk 0:35:44]} Kxf8 {[%clk 0:15:44]} 26. Qd2
{[%clk 0:29:45]} Qf7 {[%clk 0:14:52]} 27. Qh6+ {[%clk 0:25:04]} Kg8
{[%clk 0:11:44]} 28. Rd3 {[%clk 0:23:46]} Bf8 {[%clk 0:10:44]} 29. Qg5
{[%clk 0:23:02]} Bg7 {[%clk 0:10:05]} 30. Rd8+ {[%clk 0:21:14]} Rxd8
{[%clk 0:10:22]} 31. Qxd8+ {[%clk 0:21:36]} Qf8 {[%clk 0:09:53]} 32. Qxf8+
{[%clk 0:20:48]} Bxf8 {[%clk 0:10:21]} 33. Rd1 {[%clk 0:19:15]} Nd6
{[%clk 0:08:12]} 34. Bg2 {[%clk 0:14:25]} Be7 {[%clk 0:05:45]} 35. Bd4
{[%clk 0:10:23]} Nc4 {[%clk 0:02:28]} 36. Bc5 {[%clk 0:10:01]} Kf7
{[%clk 0:02:48]} 37. Bxe7 {[%clk 0:08:29]} Kxe7 {[%clk 0:03:14]} 38. Re1
{[%clk 0:08:36]} Kd6 {[%clk 0:02:30]} 39. a4 {[%clk 0:08:29]} Nb2
{[%clk 0:00:54]} 40. b5 {[%clk 0:07:16]} Nxa4 {[%clk 0:00:42]} 41. bxc6
{[%clk 0:07:08]} bxc6 {[%clk 0:01:02]} 42. Bxc6 {[%clk 0:07:15]} Nc5
{[%clk 0:29:06]} 43. Bf3 {[%clk 0:36:37]} a5 {[%clk 0:26:34]} 44. Bd1
{[%clk 0:29:47]} a4 {[%clk 0:24:37]} 45. Re3 {[%clk 0:29:38]} Bb3
{[%clk 0:06:18]} 46. Bxb3 {[%clk 0:25:38]} axb3 {[%clk 0:06:44]} 47. Kf1
{[%clk 0:25:08]} Kd5 {[%clk 0:06:07]} 48. Re1 {[%clk 0:24:32]} Kc4
{[%clk 0:03:55]} 49. Ke2 {[%clk 0:24:13]} b2 {[%clk 0:04:03]} 50. Kd2
{[%clk 0:22:43]} Kb3 {[%clk 0:04:29]} 51. f3 {[%clk 0:21:53]} Na4
{[%clk 0:02:32]} 52. Ke3 {[%clk 0:18:23]} Nc3 {[%clk 0:01:43]} 53. Kf4
{[%clk 0:18:36]} Ne2+ {[%clk 0:00:57]} 54. Rxe2 {[%clk 0:17:13]} b1=Q
{[%clk 0:01:24]} 55. Re4 {[%clk 0:16:24]} Qc1+ {[%clk 0:00:48]} 56. Kg4
{[%clk 0:16:16]} Qd2 {[%clk 0:00:59]} 57. Kh3 {[%clk 0:15:06]} Qd3
{[%clk 0:00:49]} 58. Rf4 {[%clk 0:14:28]} Kc3 {[%clk 0:00:51]} 59. Kg4
{[%clk 0:14:19]} Qb5 {[%clk 0:00:41]} 60. Kh3 {[%clk 0:13:51]} Qf1+
{[%clk 0:00:44]} 61. Kh4 {[%clk 0:13:20]} Kd2 {[%clk 0:00:49]} 62. Rf7
{[%clk 0:13:16]} Qc4+ {[%clk 0:01:14]} 63. Rf4 {[%clk 0:13:36]} Qd5
{[%clk 0:01:25]} 64. Kh3 {[%clk 0:13:31]} Ke1 {[%clk 0:01:26]} 65. Rb4
{[%clk 0:10:14]} Qxf3 {[%clk 0:01:32]} 66. Rb1+ {[%clk 0:10:33]} Kd2
{[%clk 0:01:58]} 67. Rb2+ {[%clk 0:10:54]} Kc3 {[%clk 0:02:23]} 68. Rb8
{[%clk 0:10:39]} h5 {[%clk 0:00:58]} 69. Rd8 {[%clk 0:10:57]} Qf1+
{[%clk 0:01:06]} 0-1

[Event "NDVM 2019 U16"]
[Site "Kiel"]
[Date "2019.09.09"]
[Round "6.7"]
[White "Glinzner, Alva"]
[Black "Katzenbach, Linus"]
[Result "1-0"]
[BlackElo "1722"]
[WhiteElo "1948"]
[LiveChessVersion "1.4.8"]

1. e4 {[%clk 1:30:59]} e5 {[%clk 1:30:23]} 2. Nf3 {[%clk 1:31:18]} Nc6
{[%clk 1:30:46]} 3. Bb5 {[%clk 1:31:34]} a6 {[%clk 1:31:06]} 4. Ba4
{[%clk 1:31:52]} Nf6 {[%clk 1:31:19]} 5. d3 {[%clk 1:32:12]} b5 {[%clk 1:31:07]}
6. Bb3 {[%clk 1:32:37]} Bc5 {[%clk 1:30:55]} 7. c3 {[%clk 1:32:16]} d6
{[%clk 1:31:04]} 8. h3 {[%clk 1:32:27]} h6 {[%clk 1:30:58]} 9. Nbd2
{[%clk 1:31:11]} O-O {[%clk 1:28:46]} 10. O-O {[%clk 1:31:29]} Bb6
{[%clk 1:24:13]} 11. Re1 {[%clk 1:29:07]} Re8 {[%clk 1:23:31]} 12. Nf1
{[%clk 1:28:56]} Na5 {[%clk 1:22:03]} 13. Bc2 {[%clk 1:28:26]} c5
{[%clk 1:22:08]} 14. Ng3 {[%clk 1:27:46]} Nc6 {[%clk 1:09:54]} 15. Nh4
{[%clk 1:21:25]} d5 {[%clk 1:01:51]} 16. Qf3 {[%clk 1:15:51]} c4 {[%clk 0:47:15]}
17. Ngf5 {[%clk 1:13:51]} Bxf5 {[%clk 0:40:18]} 18. Nxf5 {[%clk 1:14:06]} Kh8
{[%clk 0:39:15]} 19. Qg3 {[%clk 1:08:07]} Rg8 {[%clk 0:37:42]} 20. exd5
{[%clk 1:08:16]} cxd3 {[%clk 0:33:08]} 21. Qxd3 {[%clk 1:03:07]} e4
{[%clk 0:23:54]} 22. Qd2 {[%clk 0:56:30]} Qxd5 {[%clk 0:19:31]} 23. Qxd5
{[%clk 0:48:43]} Nxd5 {[%clk 0:19:52]} 24. Bxe4 {[%clk 0:49:00]} Rad8
{[%clk 0:18:55]} 25. b3 {[%clk 0:37:14]} Rge8 {[%clk 0:16:25]} 26. Bb2
{[%clk 0:36:58]} Nf6 {[%clk 0:05:58]} 27. Bxc6 {[%clk 0:30:40]} Rxe1+
{[%clk 0:06:15]} 28. Rxe1 {[%clk 0:30:54]} Rd2 {[%clk 0:06:15]} 29. Bc1
{[%clk 0:29:55]} Bxf2+ {[%clk 0:05:33]} 30. Kf1 {[%clk 0:30:19]} Bxe1
{[%clk 0:05:50]} 31. Kxe1 {[%clk 0:29:24]} Rxa2 {[%clk 0:05:17]} 32. Nd4
{[%clk 0:27:55]} g5 {[%clk 0:03:22]} 33. Bf3 {[%clk 0:27:28]} Kg7
{[%clk 0:01:46]} 34. Kd1 {[%clk 0:25:01]} Nd7 {[%clk 0:01:16]} 35. Be4
{[%clk 0:21:15]} Nc5 {[%clk 0:01:22]} 36. Bc2 {[%clk 0:20:51]} Kf6
{[%clk 0:01:18]} 37. Ne2 {[%clk 0:17:21]} Ke5 {[%clk 0:00:45]} 38. Nd4
{[%clk 0:14:32]} Ne6 {[%clk 0:00:40]} 39. Nc6+ {[%clk 0:14:10]} Kd6
{[%clk 0:01:08]} 40. Nb4 {[%clk 0:14:25]} Ra1 {[%clk 0:00:59]} 41. Nd3
{[%clk 0:09:58]} Nc5 {[%clk 0:23:14]} 42. Nf2 {[%clk 0:34:46]} h5
{[%clk 0:17:09]} 43. b4 {[%clk 0:33:32]} Ne6 {[%clk 0:16:50]} 44. Bb3
{[%clk 0:32:08]} a5 {[%clk 0:12:07]} 45. bxa5 {[%clk 0:27:05]} Rxa5
{[%clk 0:08:49]} 46. Ne4+ {[%clk 0:27:09]} Ke5 {[%clk 0:07:07]} 47. Nxg5
{[%clk 0:26:39]} Nxg5 {[%clk 0:05:36]} 48. Bxg5 {[%clk 0:27:05]} f6
{[%clk 0:03:51]} 49. Bd2 {[%clk 0:26:33]} Ra7 {[%clk 0:02:44]} 50. Ke2
{[%clk 0:26:19]} Re7 {[%clk 0:02:27]} 51. Kf3 {[%clk 0:26:13]} f5
{[%clk 0:01:52]} 52. Be3 {[%clk 0:24:38]} Kf6 {[%clk 0:01:46]} 53. Bd4+
{[%clk 0:24:37]} Kg6 {[%clk 0:02:12]} 54. Bc2 {[%clk 0:24:35]} Kg5
{[%clk 0:00:41]} 55. h4+ {[%clk 0:22:28]} Kg6 {[%clk 0:01:00]} 56. Kf4
{[%clk 0:22:42]} Rf7 {[%clk 0:01:02]} 57. Bd3 {[%clk 0:23:08]} 1-0